000 00798nam a2200193Ia 4500
999 _c11360
_d11360
005 20240321145919.0
008 240321s9999 xx 000 0 und d
040 _aUPAN
_cBiblioteca San Vicente
_eRCAA2
041 _aspa
082 _a658.83
_bHer
_c2004
100 _aHernández Robles, Jorge Humberto
_4aut.
245 0 _aEstudio Sobre la Aplicación de Investigación de mercado por parte de la mediana Empresa del sector comercial de la Ciudad de Santa Ana del Departamento de Santa Ana, periodo Enero -Agosto 2004.
260 _aAhuachapán:
_bUniversidad Panamericana,
_c2004
300 _a149 p.;
_c28 cm.
650 _2LEMB
_aInvestigación de mercado
_93
700 _aFlores Menjívar, David Antonio;
_4aut.
700 _aSigaran Hernández, María Magdalena
_4aut.
942 _cBK
_2ddc